Ancient Greek civilization (Record no. 23628)
[ view plain ]
| 000 -LEADER | |
|---|---|
| fixed length control field | 01653nam a2200277 4500 |
| 008 - FIXED-LENGTH DATA ELEMENTS--GENERAL INFORMATION | |
| fixed length control field | 050621s1998 vaum g vleng d |
| 020 ## - INTERNATIONAL STANDARD BOOK NUMBER | |
| International Standard Book Number | 1565855726 |
| 090 ## - LOCALLY ASSIGNED LC-TYPE CALL NUMBER (OCLC); LOCAL CALL NUMBER (OCLC) | |
| Classification number (OCLC) (R) ; Classification number, CALL (RLIN) (NR) | DF77 |
| Local cutter number (OCLC) ; Book number/undivided call number, CALL (RLIN) | M18 |
| 100 1# - MAIN ENTRY--PERSONAL NAME | |
| Personal name | McInerney, Jeremy |
| Numeration | 1958- |
| 245 10 - TITLE STATEMENT | |
| Title | Ancient Greek civilization |
| Medium | [videorecording]/ |
| Statement of responsibility, etc | Jeremy McInerney. |
| 260 ## - PUBLICATION, DISTRIBUTION, ETC. (IMPRINT) | |
| Place of publication, distribution, etc | Springfield, VA : |
| Name of publisher, distributor, etc | The Teaching company, |
| Date of publication, distribution, etc | 1998. |
| 300 ## - PHYSICAL DESCRIPTION | |
| Extent | 4 videodiscs in 2 containers : |
| Other physical details | sd., col. ; |
| Dimensions | 1/2 in. + |
| Accompanying material | 2 course guides. |
| 490 1# - SERIES STATEMENT | |
| Series statement | The Great Courses on Tape series. |
| 500 ## - GENERAL NOTE | |
| General note | "Course no. 321V ; Course no. 322V."--Containers. |
| 505 0# - FORMATTED CONTENTS NOTE | |
| Formatted contents note | pt.1. Greece and the Western world -- Minoan Crete -- Schliemann and Mycenae -- The long twilight -- The age of heroes -- From Sicily to Syria: the Growth of trade and colonization -- Delphi and Olympia -- The Spartans -- Revolution -- Tyranny -- The origins of democracy -- Beyond Greece: The Persian Empire -- pt.2. The Persian wars -- The Athenian Empire -- The art of democracy -- Sacrifice and Greek religion -- Theater and the competition of art -- Sex and gender -- The Peloponnesian War -- Socrates on trial -- Slavery and freedom -- Athens in decline? -- Philip, Alexander, and Greece in transition. |
| 511 0# - PARTICIPANT OR PERFORMER NOTE | |
| Participant or performer note | Jeremy McInerney, lecturer. |
| 538 ## - SYSTEM DETAILS NOTE | |
| System details note | DVD. |
| 600 14 - SUBJECT ADDED ENTRY--PERSONAL NAME | |
| Personal name | Schliemann, Heinrich, |
| Dates associated with a name | 1822-1890. |
| 650 #4 - SUBJECT ADDED ENTRY--TOPICAL TERM | |
| Topical term or geographic name as entry element | Documentary films. |
| 651 #4 - SUBJECT ADDED ENTRY--GEOGRAPHIC NAME | |
| Geographic name | Athens (Greece) |
| General subdivision | History. |
| 651 #4 - SUBJECT ADDED ENTRY--GEOGRAPHIC NAME | |
| Geographic name | Greece |
| General subdivision | Civilization |
| Chronological subdivision | To 146 B.C. |
| 651 #4 - SUBJECT ADDED ENTRY--GEOGRAPHIC NAME | |
| Geographic name | Greece |
| General subdivision | History |
| Chronological subdivision | Athenian supremacy. 479-431 B.C. |
| 651 #4 - SUBJECT ADDED ENTRY--GEOGRAPHIC NAME | |
| Geographic name | Greece |
| General subdivision | History |
| Chronological subdivision | Peloponnesian War, 431-404 B.C. |
| 710 22 - ADDED ENTRY--CORPORATE NAME | |
| Corporate name or jurisdiction name as entry element | Teaching Company. |
| 951 ## - EQUIVALENCE OR CROSS-REFERENCE-GEOGRAPHIC NAME/AREA NAME [OBSOLETE] [CAN/MARC only] | |
| -- | V-1833C |
| -- | DF77/M18-3 |
| -- | 070613111500312 |
| -- | 2000-12-21 |
| -- | VT |
| Withdrawn status | Lost status | Damaged status | Not for loan | Home library | Current library | Shelving location | Date acquired | Accession number | Shelving control number | Total Checkouts | Full call number | Date last seen | Price effective from | Koha item type |
|---|---|---|---|---|---|---|---|---|---|---|---|---|---|---|
| BSOP Library | BSOP Library | Video Tapes | 12/21/2000 | V-1833C | 127 | DF77/M18-3 | 02/23/2013 | 02/23/2013 | Books |
